LIBRARY & INFORMATION CENTRE, KCAET, TAVANUR

ONLINE PUBLIC ACCESS CATALOGUE (OPAC)

Technical Drawing (Record no. 14664)

MARC details
000 -LEADER
fixed length control field 00440nam a22001697a 4500
020 ## - INTERNATIONAL STANDARD BOOK NUMBER
ISBN 9781401857608
082 ## - DEWEY DECIMAL CLASSIFICATION NUMBER
Classification number 604.2
Item number GOE/TE
100 ## - MAIN ENTRY--AUTHOR NAME
Personal name Goetsch,David L.
100 ## - MAIN ENTRY--AUTHOR NAME
Personal name Chalk,William S.
100 ## - MAIN ENTRY--AUTHOR NAME
Personal name Nelson,John A.
245 ## - TITLE STATEMENT
Title Technical Drawing
250 ## - EDITION STATEMENT
Edition statement 5 th
260 ## - PUBLICATION, DISTRIBUTION, ETC. (IMPRINT)
Place of publication Australia
Name of publisher Thomson Delmar Learning
Year of publication 2005
300 ## - PHYSICAL DESCRIPTION
Number of Pages 1121
Accompanying material C.D. Includes
490 ## - SERIES STATEMENT
Series statement Drafting and Design Series
942 ## - ADDED ENTRY ELEMENTS (KOHA)
Koha item type Books
Holdings
Withdrawn status Lost status Damaged status Collection code Home library Current library Shelving location Date acquired Source of acquisition Cost, normal purchase price Full call number Accession Number Koha item type
        KAUAET KAUAET General Stacks 25/07/2016 Southern Book Star, Tvm. 4100.00 604.2 GOE/TE 24560 Books
free website counter